000 00338 a2200145 4500
001 155791
040 _cEscola São Tomás de Aquino
100 _aBERUTTI, Flávio
240 1 0 _aLeonardo Da Vinci . A exibição
_lpor
245 1 0 _aLeonardo Da Vinci . A exibição
300 _a44
362 0 _a2015
697 _aArtes
942 _cBK
999 _c155791
_d155791